[Event "GER-chT U20 Girls"]
[Site "Magdeburg"]
[Date "2023.12.29"]
[Round "5.5"]
[White "Fock, Amina"]
[Black "Buchholz, Maja Patricia"]
[Result "0-1"]
[WhiteElo "1865"]
[BlackElo "1945"]
[PlyCount "92"]
[EventDate "2023.12.26"]
[EventType "team-swiss"]
[EventRounds "7"]
[EventCountry "GER"]
[SourceTitle "CB03_2024"]
[SourceDate "2024.01.17"]
[SourceVersion "1"]
[SourceVersionDate "2024.01.17"]
[SourceQuality "1"]
[WhiteTeam "Kreuzberg"]
[BlackTeam "Offenbach"]
[WhiteTeamCountry "GER"]
[BlackTeamCountry "GER"]

1. e4 e6 2. d4 d5 3. Nd2 Be7 4. Bd3 c5 5. dxc5 Nf6 6. Qe2 0-0 7. Ngf3 a5 8. 0-0 Na6 9. e5 Nd7 10. c3 Naxc5 11. Bc2 b5 12. a3 Qc7 13. Re1 Ba6 14. b4 Na4 15. Qd3 g6 16. Bxa4 bxa4 17. Qe3 Rfc8 18. Bb2 Rab8 19. Nd4 Nc5 20. Rab1 Nd3 21. Ba1 Nxe1 22. Rxe1 axb4 23. axb4 a3 24. N2b3 Bc4 25. Na5 Ra8 26. Qc1 Rxa5 27. bxa5 Qxa5 28. Qb1 Qc7 29. Nb5 Qb8 30. Nd4 Bc5 31. Qxb8 Rxb8 32. Nc6 Rb6 33. Nb4 a2 34. g3 d4 35. Nxa2 Bxa2 36. cxd4 Be7 37. f4 Rb1 38. Rxb1 Bxb1 39. Bc3 Kf8 40. Kf2 Ke8 41. Ke3 Bf5 42. Ba5 Kd7 43. Kd2 Kc6 44. Ke3 Kb5 45. Bc3 Bb4 46. Bb2 Kc4 0-1

[Event "GER-chT U20 Girls"]
[Site "Magdeburg"]
[Date "2023.12.27"]
[Round "1.6"]
[White "Fock, Amina"]
[Black "Wolterink, Jule"]
[Result "1-0"]
[WhiteElo "1865"]
[BlackElo "1474"]
[PlyCount "31"]
[EventDate "2023.12.26"]
[EventType "team-swiss"]
[EventRounds "7"]
[EventCountry "GER"]
[SourceTitle "CB03_2024"]
[SourceDate "2024.01.17"]
[SourceVersion "1"]
[SourceVersionDate "2024.01.17"]
[SourceQuality "1"]
[WhiteTeam "Kreuzberg"]
[BlackTeam "Lehrte"]
[WhiteTeamCountry "GER"]
[BlackTeamCountry "GER"]

1. e4 e6 2. d4 d5 3. Nd2 dxe4 4. Nxe4 Nd7 5. Nf3 Ngf6 6. Nxf6+ Nxf6 7. Bd3 c5 8. Be3 Nd5 9. Ne5 Nxe3 10. fxe3 Bd7 11. 0-0 Qc7 12. Nxf7 Bc6 13. Nxh8 Bd6 14. Qh5+ Kd8 15. Nf7+ Kd7 16. Nxd6 1-0

[Event "GER-chT U20 Girls"]
[Site "Magdeburg"]
[Date "2023.12.27"]
[Round "2.3"]
[White "Stauch, Amelie"]
[Black "Fock, Amina"]
[Result "0-1"]
[WhiteElo "910"]
[BlackElo "1865"]
[PlyCount "104"]
[EventDate "2023.12.26"]
[EventType "team-swiss"]
[EventRounds "7"]
[EventCountry "GER"]
[SourceTitle "CB03_2024"]
[SourceDate "2024.01.17"]
[SourceVersion "1"]
[SourceVersionDate "2024.01.17"]
[SourceQuality "1"]
[WhiteTeam "Eintracht Tangerhuette"]
[BlackTeam "Kreuzberg"]
[WhiteTeamCountry "GER"]
[BlackTeamCountry "GER"]

1. b4 a5 2. Ba3 axb4 3. Bxb4 Nc6 4. a3 Nxb4 5. c3 Nc6 6. Nf3 d5 7. d4 Nf6 8. h3 Bf5 9. Nbd2 e6 10. e3 Bd6 11. Qb3 Na5 12. Qb5+ c6 13. Qe2 b5 14. g4 Bg6 15. Bg2 Ne4 16. Nb1 Nc4 17. 0-0 0-0 18. Rc1 Nxa3 19. Nxa3 Rxa3 20. Qb2 Qe7 21. Ne5 Rc8 22. f4 f6 23. Nxg6 hxg6 24. Bxe4 dxe4 25. Ra2 Rca8 26. Rca1 Qa7 27. Rxa3 Bxa3 28. Qb3 Qe7 29. c4 b4 30. d5 cxd5 31. cxd5 Rc8 32. dxe6 Rc3 33. Qd5 Qa7 34. Re1 Rxe3 35. Rxe3 Qxe3+ 36. Kf1 Qd3+ 37. Qxd3 exd3 38. Ke1 b3 39. Kd2 b2 40. Kxd3 b1Q+ 41. Kd4 Kf8 42. f5 gxf5 43. gxf5 Qxf5 44. h4 Qe5+ 45. Kc4 f5 46. Kb3 f4 47. Kxa3 f3 48. Kb3 f2 49. Kc2 f1Q 50. Kd2 Qd4+ 51. Kc2 Qfd3+ 52. Kc1 Q4c3# 0-1

[Event "GER-chT U20"]
[Site "Muenster"]
[Date "2022.12.29"]
[Round "6"]
[White "Fock, Amina"]
[Black "Meyling, Lennart"]
[Result "0-1"]
[WhiteElo "1827"]
[BlackElo "2147"]
[PlyCount "36"]
[EventDate "2022.12.26"]
[EventType "team-swiss"]
[EventRounds "7"]
[EventCountry "GER"]
[SourceTitle "CBM 212 Extra"]
[Source "ChessBase"]
[SourceDate "2023.03.31"]
[SourceVersion "1"]
[SourceVersionDate "2023.03.31"]
[SourceQuality "1"]
[WhiteTeam "Kreuzberg"]
[BlackTeam "Hamburger SK"]
[WhiteTeamCountry "GER"]
[BlackTeamCountry "GER"]

1. e4 e5 2. Nf3 d6 3. d4 exd4 4. Nxd4 Nf6 5. Nc3 Be7 6. Nf5 Bxf5 7. exf5 0-0 8. Be3 d5 9. Qf3 Bb4 10. Bg5 Qe8+ 11. Be2 Ne4 12. Bd2 Nxd2 13. Kxd2 d4 14. Qxb7 Nc6 15. Bd3 dxc3+ 16. bxc3 Bc5 17. Qxc7 Rc8 18. Qf4 Qd8 0-1

[Event "GER-chT U20"]
[Site "Muenster"]
[Date "2022.12.28"]
[Round "4"]
[White "Dornieden, Jonas"]
[Black "Fock, Amina"]
[Result "1/2-1/2"]
[WhiteElo "2073"]
[BlackElo "1827"]
[PlyCount "156"]
[EventDate "2022.12.26"]
[EventType "team-swiss"]
[EventRounds "7"]
[EventCountry "GER"]
[SourceTitle "CBM 212 Extra"]
[Source "ChessBase"]
[SourceDate "2023.03.31"]
[SourceVersion "1"]
[SourceVersionDate "2023.03.31"]
[SourceQuality "1"]
[WhiteTeam "Lehrte"]
[BlackTeam "Kreuzberg"]
[WhiteTeamCountry "GER"]
[BlackTeamCountry "GER"]

1. e4 c5 2. c3 d5 3. exd5 Qxd5 4. d4 Nf6 5. Nf3 Bg4 6. Nbd2 e6 7. Bc4 Qd8 8. h3 Bh5 9. Qb3 Qc7 10. Ne5 cxd4 11. cxd4 Bd6 12. Bb5+ Nfd7 13. Ndc4 0-0 14. Nxd7 Nxd7 15. Be3 Nf6 16. Nxd6 Qxd6 17. 0-0 Nd5 18. Bd2 Rfc8 19. Rac1 Nf4 20. Qb4 Qxb4 21. Bxb4 Be2 22. Rxc8+ Rxc8 23. Bxe2 Nxe2+ 24. Kh2 Nxd4 25. Rd1 Rd8 26. Rc1 Nc6 27. Bc3 f6 28. b4 Rd5 29. Be1 Kf7 30. a4 a6 31. g4 Kg6 32. Kg2 h5 33. f3 hxg4 34. hxg4 Ne5 35. Bc3 Nd3 36. Rc2 Nf4+ 37. Kf2 Rd3 38. Bd2 Nd5 39. Rb2 Rd4 40. Ke2 Nf4+ 41. Ke3 e5 42. Rb3 Kf7 43. a5 Nd5+ 44. Ke2 Nc7 45. Rc3 Nb5 46. Rc8 Rd7 47. Be3 Kg6 48. Bc5 Nd4+ 49. Ke3 Ne6 50. Bb6 Kg5 51. Ke4 Nd4 52. Rc4 Nc6 53. Be3+ Kg6 54. Bc5 Kf7 55. Ke3 g6 56. Rc1 Ke6 57. f4 exf4+ 58. Kxf4 Rd3 59. g5 f5 60. Re1+ Kf7 61. Rh1 Kg7 62. Re1 Rh3 63. Re6 Rh4+ 64. Kf3 Rg4 65. Rd6 Rxg5 66. Rd7+ Kf6 67. Rxb7 Ne5+ 68. Ke2 Rg2+ 69. Kf1 Rc2 70. Bd4 Ke6 71. Rb6+ Kd5 72. Bxe5 Kxe5 73. Rxg6 Rb2 74. Rxa6 Rxb4 75. Kf2 Rb3 76. Rb6 Rxb6 77. axb6 Kd6 78. Kf3 Kc6 1/2-1/2

[Event "GER-ch Youth-A"]
[Site "Willingen"]
[Date "2022.06.11"]
[Round "9"]
[White "Fock, Amina"]
[Black "Zha, Kevin"]
[Result "0-1"]
[WhiteElo "1790"]
[BlackElo "1835"]
[PlyCount "88"]
[EventDate "2022.06.04"]
[EventType "swiss"]
[EventRounds "9"]
[EventCountry "GER"]
[SourceTitle "CBM 208 Extra"]
[Source "ChessBase"]
[SourceDate "2022.07.31"]
[SourceVersion "1"]
[SourceVersionDate "2022.07.31"]
[SourceQuality "1"]

1. e4 g6 2. d4 Bg7 3. Nc3 c6 4. Bc4 d6 5. Be3 Nf6 6. f3 d5 7. Bb3 b5 8. e5 Ng8 9. a4 b4 10. Nce2 a5 11. Nf4 Nh6 12. g4 f6 13. Nd3 Qc7 14. exf6 exf6 15. Ne2 Nf7 16. h4 Nd6 17. Nef4 Nc4 18. Bxc4 dxc4 19. Nc5 Na6 20. Nce6 Bxe6 21. Nxe6 Qe7 22. Nxg7+ Qxg7 23. Qe2 Qf7 24. Bh6+ Kd7 25. 0-0-0 Rhe8 26. Qf2 Nc7 27. h5 Nd5 28. hxg6 hxg6 29. f4 Re4 30. Rhe1 Rae8 31. Rxe4 Rxe4 32. Re1 Qe7 33. Rxe4 Qxe4 34. g5 f5 35. Bf8 Qxf4+ 36. Qxf4 Nxf4 37. Bc5 Kc7 38. Kd2 Ne6 39. Be7 Nxd4 40. c3 Kd7 41. Bf6 Ne6 42. cxb4 axb4 43. Ke3 c5 44. Kd2 Kc6 0-1

[Event "GER-ch Youth-A"]
[Site "Willingen"]
[Date "2022.06.08"]
[Round "5"]
[White "Hofmann, Lorenz"]
[Black "Fock, Amina"]
[Result "1-0"]
[WhiteElo "2056"]
[BlackElo "1790"]
[PlyCount "53"]
[EventDate "2022.06.04"]
[EventType "swiss"]
[EventRounds "9"]
[EventCountry "GER"]
[SourceTitle "CBM 208 Extra"]
[Source "ChessBase"]
[SourceDate "2022.07.31"]
[SourceVersion "1"]
[SourceVersionDate "2022.07.31"]
[SourceQuality "1"]

1. e4 c5 2. Nf3 d6 3. d4 cxd4 4. Nxd4 Nf6 5. Nc3 a6 6. Bg5 Nbd7 7. Bc4 e6 8. Qe2 Qa5 9. Bxf6 Nxf6 10. 0-0-0 Be7 11. Kb1 0-0 12. f4 Bd7 13. Bb3 Ne8 14. g4 b5 15. f5 Nc7 16. fxe6 fxe6 17. Nf5 Bf6 18. Rxd6 b4 19. Nd5 exd5 20. Rxd7 Rad8 21. Rxd8 Rxd8 22. Rd1 Kf8 23. Rf1 Nb5 24. e5 Re8 25. Nxg7 Kxg7 26. exf6+ Kf8 27. Qd2 1-0

[Event "Bremen Silvester op"]
[Site "Bremen"]
[Date "2021.12.29"]
[Round "6"]
[White "Diller, Peter"]
[Black "Fock, Amina"]
[Result "1-0"]
[WhiteElo "2025"]
[BlackElo "1743"]
[PlyCount "137"]
[EventDate "2021.12.21"]
[EventType "swiss"]
[EventRounds "7"]
[EventCountry "GER"]
[SourceTitle "CBM 205 Extra"]
[Source "ChessBase"]
[SourceDate "2022.01.31"]
[SourceVersion "1"]
[SourceVersionDate "2022.01.31"]
[SourceQuality "1"]

1. e4 c5 2. f4 d5 3. exd5 Nf6 4. Bc4 Nxd5 5. d3 Nc6 6. Nf3 Bg4 7. Nc3 e6 8. h3 Bxf3 9. Qxf3 Nd4 10. Qf2 Be7 11. 0-0 0-0 12. Ne4 Qc7 13. c3 Nf5 14. g4 Nd6 15. Bxd5 exd5 16. Qxc5 Qxc5+ 17. Nxc5 b6 18. Nd7 Rfe8 19. Ne5 f6 20. Nf3 Nb5 21. Bd2 Bc5+ 22. Kg2 Be3 23. Rae1 Bxd2 24. Nxd2 Kf7 25. Nf3 Nc7 26. Kg3 Ne6 27. d4 b5 28. f5 Nc7 29. Rxe8 Rxe8 30. Re1 Rxe1 31. Nxe1 a5 32. Nd3 g5 33. Nc5 a4 34. Kf3 Ke7 35. Ke3 Kd6 36. b3 axb3 37. axb3 Kc6 38. Kd3 Ne8 39. Ne6 Nd6 40. Ke3 Ne8 41. Nc5 Nd6 42. Nd3 Ne8 43. Nb4+ Kd6 44. Kd3 Nc7 45. c4 bxc4+ 46. bxc4 dxc4+ 47. Kxc4 h6 48. Kd3 Nb5 49. Nc2 Kd5 50. Ne3+ Kc6 51. Nd1 Nd6 52. Nc3 Nf7 53. Ne4 h5 54. Nxf6 hxg4 55. hxg4 Nh6 56. Ke4 Kd6 57. Kf3 Nf7 58. Ke3 Nh6 59. Ke4 Nf7 60. Nd5 Nh6 61. Ne3 Ke7 62. d5 Kd6 63. f6 Kd7 64. Ke5 Ke8 65. Ke6 Kf8 66. d6 Nf7 67. d7 Nd8+ 68. Kf5 Kf7 69. Nc4 1-0

[Event "GER-ch U18 Girls"]
[Site "Willingen"]
[Date "2021.08.26"]
[Round "6"]
[White "Falke, Ornella"]
[Black "Fock, Amina"]
[Result "1/2-1/2"]
[WhiteElo "1674"]
[BlackElo "1828"]
[PlyCount "100"]
[EventDate "2021.08.22"]
[EventType "swiss"]
[EventRounds "9"]
[EventCountry "GER"]
[SourceTitle "EXT 2022"]
[Source "ChessBase"]
[SourceDate "2021.10.06"]
[SourceVersion "1"]
[SourceVersionDate "2021.10.06"]
[SourceQuality "1"]

1. e4 c5 2. Nf3 d6 3. d4 cxd4 4. Qxd4 Nc6 5. Qe3 g6 6. Be2 Bg7 7. 0-0 Nf6 8. h3 0-0 9. Rd1 Nd7 10. c4 b6 11. Nc3 a6 12. b3 Bb7 13. Bd2 e6 14. Rac1 Ne7 15. Be1 Nf6 16. Rc2 Qc7 17. Rcd2 d5 18. exd5 exd5 19. cxd5 Nexd5 20. Nxd5 Nxd5 21. Rxd5 Bxd5 22. Rxd5 Rfe8 23. Qd3 b5 24. Rd7 Qc6 25. Kf1 Rac8 26. Qd5 Qxd5 27. Rxd5 Rc2 28. Rd2 Rc1 29. Rd1 Rc2 30. Bd2 Rxa2 31. Ne1 Rb2 32. b4 Rd8 33. Nd3 Rc2 34. Be3 Bc3 35. Rc1 Rxc1+ 36. Bxc1 a5 37. bxa5 Bxa5 38. Nc5 Rc8 39. Nb3 Bd8 40. Ke1 Ba5+ 41. Bd2 Bxd2+ 42. Kxd2 b4 43. Bd1 Kg7 44. Bc2 f5 45. Kc1 Kf6 46. Kb2 g5 47. Nd4 Rd8 48. Nxf5 Rd2 49. Ne3 h5 50. Nd1 Ke5 1/2-1/2

[Event "Dortmund NRW Cup U20 Girls"]
[Site "Dortmund"]
[Date "2021.07.15"]
[Round "5"]
[White "Fock, Amina"]
[Black "Cordes, Jule Johanne"]
[Result "0-1"]
[WhiteElo "1797"]
[BlackElo "1605"]
[PlyCount "94"]
[EventDate "2021.07.13"]
[EventType "tourn"]
[EventRounds "9"]
[EventCountry "GER"]
[SourceTitle "CBM 203 Extra"]
[Source "ChessBase"]
[SourceDate "2021.09.30"]
[SourceVersion "1"]
[SourceVersionDate "2021.09.30"]
[SourceQuality "1"]

1. e4 c5 2. Nc3 Nc6 3. Nge2 g6 4. d4 cxd4 5. Nxd4 Bg7 6. Be3 Nf6 7. Be2 0-0 8. Qd2 d5 9. exd5 Nxd5 10. Nxd5 Qxd5 11. Bf3 Qc4 12. b3 Qa6 13. Be2 Qa3 14. Nb5 Qb2 15. 0-0 Bf5 16. c3 Qxd2 17. Bxd2 Rfd8 18. Be1 a6 19. Na3 Ne5 20. f4 Ng4 21. Rc1 Ne3 22. Rf3 Nd5 23. Bc4 Nxf4 24. Rxf4 Bh6 25. Bg3 b5 26. Be2 Rac8 27. Rff1 Be3+ 28. Kh1 Bxc1 29. Rxc1 Rd2 30. Bf1 Rxa2 31. Nxb5 axb5 32. Bxb5 Rxc3 33. Re1 Be6 34. Bh4 Rxb3 35. Bc6 Rc3 36. Bf3 Rc7 37. h3 Rac2 38. Re3 h6 39. Ra3 g5 40. Bg3 Rc1+ 41. Kh2 Rc8 42. Bb7 Rd8 43. Re3 Rdd1 44. Be5 Re1 45. Rxe1 Rxe1 46. Bc3 Rc1 47. Be5 Bd7 0-1

[Event "GER-ch U18 Girls"]
[Site "Willingen"]
[Date "2020.10.21"]
[Round "3"]
[White "Fock, Amina"]
[Black "Schneider, Jana"]
[Result "0-1"]
[WhiteElo "1840"]
[BlackElo "2270"]
[PlyCount "76"]
[EventDate "2020.10.19"]
[EventType "swiss"]
[EventRounds "7"]
[EventCountry "GER"]
[SourceTitle "EXT 2022"]
[Source "ChessBase"]
[SourceDate "2021.10.06"]
[SourceVersion "1"]
[SourceVersionDate "2021.10.06"]
[SourceQuality "1"]

1. e4 e5 2. Nf3 Nc6 3. Bb5 a6 4. Ba4 Nf6 5. 0-0 Be7 6. d3 b5 7. Bb3 d6 8. a3 0-0 9. Nc3 Bg4 10. Be3 Nd4 11. Bxd4 exd4 12. Nd5 c5 13. h3 Be6 14. Nxf6+ Bxf6 15. Bxe6 fxe6 16. Qd2 e5 17. c3 dxc3 18. Qxc3 Rc8 19. a4 Qe8 20. axb5 axb5 21. Qb3+ c4 22. Qb4 Qc6 23. Ra5 Rb8 24. Rc1 Bd8 25. Ra3 Bb6 26. dxc4 Bc5 27. Qb3 b4 28. Raa1 Qxe4 29. Qc2 Qf4 30. Rf1 e4 31. Nh2 h5 32. Qe2 Rf5 33. b3 Rbf8 34. Ra2 Bd4 35. Qd2 e3 36. Qe2 exf2+ 37. Kh1 Qg3 38. Rb1 Rg5 0-1

[Event "GER-chT Lands U20"]
[Site "Berlin"]
[Date "2020.10.04"]
[Round "7.5"]
[White "Costa, Leonardo"]
[Black "Fock, Amina"]
[Result "1-0"]
[WhiteElo "2245"]
[BlackElo "1840"]
[PlyCount "109"]
[EventDate "2020.09.29"]
[EventType "team-swiss"]
[EventRounds "7"]
[EventCountry "GER"]
[SourceTitle "CBM 198 Extra"]
[Source "ChessBase"]
[SourceDate "2020.11.30"]
[SourceVersion "1"]
[SourceVersionDate "2020.11.30"]
[SourceQuality "1"]
[WhiteTeam "Bayern U20"]
[BlackTeam "Berlin U20"]
[WhiteTeamCountry "GER"]
[BlackTeamCountry "GER"]

1. e4 c5 2. Nf3 d6 3. d4 cxd4 4. Nxd4 Nf6 5. Nc3 a6 6. f4 e5 7. Nf3 Qc7 8. Bd3 Nbd7 9. 0-0 Be7 10. Kh1 0-0 11. Qe2 Nc5 12. fxe5 dxe5 13. Bg5 Nxd3 14. Bxf6 Nf4 15. Bxe5 Nxe2 16. Bxc7 Nxc3 17. bxc3 Be6 18. Nd4 Bc4 19. Rfd1 Ba3 20. Rab1 b5 21. Nf5 Ra7 22. Bd6 Bxd6 23. Rxd6 g6 24. Nd4 Bxa2 25. Ra1 Bc4 26. e5 Re7 27. Nc6 Re6 28. Kg1 Ra8 29. Kf2 Bd5 30. Nb4 Rxd6 31. exd6 Bb7 32. Nd3 Rd8 33. Nc5 Bc6 34. d7 Kf8 35. Rxa6 Bxd7 36. Rd6 Ke7 37. Rxd7+ Rxd7 38. Nxd7 Kxd7 39. Ke3 f5 40. Kd4 Kd6 41. c4 bxc4 42. Kxc4 g5 43. Kd4 h5 44. c3 h4 45. c4 g4 46. c5+ Kc6 47. Ke5 g3 48. hxg3 hxg3 49. Kxf5 Kxc5 50. Kf4 Kd5 51. Kxg3 Ke6 52. Kg4 Ke5 53. Kh5 Kf6 54. g4 Kf7 55. Kh6 1-0

[Event "GER-chT Lands U20"]
[Site "Berlin"]
[Date "2020.10.02"]
[Round "5.3"]
[White "Muedder, Melanie"]
[Black "Fock, Amina"]
[Result "1/2-1/2"]
[WhiteElo "2039"]
[BlackElo "1840"]
[PlyCount "146"]
[EventDate "2020.09.29"]
[EventType "team-swiss"]
[EventRounds "7"]
[EventCountry "GER"]
[SourceTitle "CBM 198 Extra"]
[Source "ChessBase"]
[SourceDate "2020.11.30"]
[SourceVersion "1"]
[SourceVersionDate "2020.11.30"]
[SourceQuality "1"]
[WhiteTeam "Nordrhein Westfalen U20"]
[BlackTeam "Berlin U20"]
[WhiteTeamCountry "GER"]
[BlackTeamCountry "GER"]

1. e4 c5 2. Nf3 d6 3. d4 cxd4 4. Nxd4 Nf6 5. Nc3 a6 6. h3 e5 7. Nb3 h5 8. Bg5 Be6 9. f4 exf4 10. Qd2 Be7 11. Bxf4 Nc6 12. 0-0-0 Ne5 13. Nd4 Qc7 14. Nxe6 fxe6 15. Be2 h4 16. g3 hxg3 17. Bxg3 b5 18. a3 Rb8 19. Qd4 Nc6 20. Bxd6 Nxd4 21. Bxc7 Nxe2+ 22. Nxe2 Rc8 23. Be5 Nxe4 24. Bxg7 Rg8 25. Bd4 Rg2 26. Nc3 Nxc3 27. Bxc3 Bxa3 28. Kb1 Bc5 29. Rhe1 Ke7 30. Rf1 b4 31. Bf6+ Ke8 32. c3 bxc3 33. Bxc3 Rb8 34. Rf6 Rb6 35. Rh6 Ba3 36. Rh8+ Ke7 37. Rh7+ Ke8 38. Bf6 Bd6 39. Bc3 Ba3 40. Bf6 Bd6 41. Rc1 Rb8 42. Rc6 e5 43. Rh8+ Kf7 44. Rxb8 Bxb8 45. Rxa6 Rg6 46. Rb6 Rxf6 47. Rxb8 Rf3 48. h4 Rf4 49. h5 Rh4 50. Rb7+ Kf6 51. h6 Kf5 52. h7 e4 53. Kc2 Rh2+ 54. Kc3 Kf4 55. Rf7+ Ke5 56. b4 Ke6 57. Rg7 Kd5 58. b5 Kc5 59. Rb7 Rh3+ 60. Kd2 Kd4 61. Rc7 Rh2+ 62. Kc1 e3 63. b6 Rh1+ 64. Kc2 Rh2+ 65. Kd1 Rh1+ 66. Ke2 Rh2+ 67. Kf1 Rh1+ 68. Kg2 e2 69. Re7 e1Q 70. Rxe1 Rxh7 71. Rb1 Rb7 72. Kf3 Kc5 73. Ke4 Rxb6 1/2-1/2

[Event "DSOL 02 Liga Gr-B 1st"]
[Site "Playchess.com INT"]
[Date "2020.07.16"]
[Round "4.2"]
[White "Schmidt, Markus"]
[Black "Fock, Amina"]
[Result "1-0"]
[WhiteElo "2039"]
[BlackElo "1864"]
[PlyCount "59"]
[EventDate "2020.06.22"]
[EventType "team-tourn (rapid)"]
[EventCountry "GER"]
[SourceTitle "EXT 2021"]
[Source "ChessBase"]
[SourceDate "2020.10.23"]
[SourceVersion "1"]
[SourceVersionDate "2020.10.23"]
[SourceQuality "1"]
[WhiteTeam "Niederbrechen"]
[BlackTeam "Kreuzberg"]
[WhiteTeamCountry "GER"]
[BlackTeamCountry "GER"]

1. Nf3 Nf6 2. c4 c5 3. Nc3 d5 4. e3 Nc6 5. cxd5 Nxd5 6. Bc4 Nc7 7. 0-0 e5 8. d4 cxd4 9. exd4 exd4 10. Re1+ Be7 11. Nb5 0-0 12. Nbxd4 Nxd4 13. Nxd4 Bb4 14. Bd2 Bxd2 15. Qxd2 b5 16. Bf1 Ne6 17. Rad1 Nxd4 18. Qxd4 Be6 19. Qe4 Qf6 20. Bd3 g6 21. b3 Bf5 22. Qf4 Rad8 23. g4 Qc3 24. Bxf5 gxf5 25. Qxf5 Rfe8 26. Rxe8+ Rxe8 27. Qxb5 Qc8 28. h3 Re6 29. Qg5+ Rg6 30. Rd8+ 1-0

[Event "GER-ch Net Amateur Gr-B Vor3"]
[Site "Playchess.com INT"]
[Date "2020.04.16"]
[Round "2"]
[White "Qayumi, Roman"]
[Black "Fock, Amina"]
[Result "1-0"]
[WhiteElo "1518"]
[BlackElo "1638"]
[PlyCount "115"]
[EventDate "2020.04.16"]
[EventType "swiss (blitz)"]
[EventRounds "9"]
[EventCountry "GER"]
[SourceTitle "CBM 195 Extra"]
[Source "ChessBase"]
[SourceDate "2020.05.31"]
[SourceVersion "1"]
[SourceVersionDate "2020.05.31"]
[SourceQuality "1"]

1. e4 c5 2. Nf3 d6 3. d4 cxd4 4. Nxd4 Nf6 5. Nc3 a6 6. Be3 e5 7. Nb3 Be6 8. f3 Be7 9. Qd2 Nbd7 10. 0-0-0 b5 11. g4 h6 12. h4 b4 13. Nd5 Bxd5 14. exd5 Nb6 15. Bxb6 Qxb6 16. Be2 Nd7 17. Kb1 a5 18. f4 a4 19. Nc1 Nc5 20. fxe5 b3 21. cxb3 axb3 22. a3 dxe5 23. d6 Rd8 24. Qe3 Bxd6 25. Rhf1 Qb7 26. Rxd6 Rxd6 27. Qxe5+ Re6 28. Qxc5 f6 29. Bb5+ Kf7 30. Bc4 Qe4+ 31. Ka1 Rhe8 32. Qd5 Qe3 33. Qd7+ Kf8 34. Bxe6 Rxe6 35. Rd1 Re8 36. Qd6+ Kg8 37. Qd3 Qe5 38. Qxb3+ Kh8 39. g5 Rb8 40. Qc3 Qxc3 41. bxc3 fxg5 42. hxg5 hxg5 43. Rf1 Kh7 44. Nd3 Rb3 45. Ne5 Rxc3 46. Kb2 Re3 47. Rh1+ Kg8 48. Nc4 Rg3 49. Rh5 g4 50. Rg5 Kf7 51. Rxg4 Rxg4 52. Ne5+ Ke6 53. Nxg4 Kd6 54. Kb3 Kc6 55. Kb4 Kb6 56. Ne3 Ka6 57. Nc2 Kb6 58. Kc4 1-0

[Event "GER-ch Net Amateur Gr-B Vor3"]
[Site "Playchess.com INT"]
[Date "2020.04.16"]
[Round "1"]
[White "Radi, Guenter"]
[Black "Fock, Amina"]
[Result "1-0"]
[WhiteElo "1456"]
[BlackElo "1664"]
[PlyCount "63"]
[EventDate "2020.04.16"]
[EventType "swiss (blitz)"]
[EventRounds "9"]
[EventCountry "GER"]
[SourceTitle "CBM 195 Extra"]
[Source "ChessBase"]
[SourceDate "2020.05.31"]
[SourceVersion "1"]
[SourceVersionDate "2020.05.31"]
[SourceQuality "1"]

1. d4 Nf6 2. Nf3 e6 3. c4 Bb4+ 4. Nc3 0-0 5. a3 Be7 6. e3 d5 7. Bd3 b6 8. 0-0 Bb7 9. b4 dxc4 10. Bxc4 Nbd7 11. Bb2 Ne4 12. Rc1 Ndf6 13. Bd3 c5 14. Nxe4 Nxe4 15. Qc2 Nf6 16. dxc5 Rc8 17. Bxf6 Bxf6 18. Bxh7+ Kh8 19. Be4 Ba6 20. Rfd1 Qe7 21. c6 g6 22. Qa4 Be2 23. Rd2 Bxf3 24. Bxf3 Rfd8 25. Rcd1 Rxd2 26. Rxd2 e5 27. Rd7 Qe6 28. Qxa7 e4 29. Be2 Qxc6 30. Rxf7 Be5 31. Rh7+ Kg8 32. Qf7# 1-0

[Event "GER-ch Net Amateur Gr-B Vor2"]
[Site "Playchess.com INT"]
[Date "2020.04.15"]
[Round "5"]
[White "Fock, Amina"]
[Black "Fenski, Matthias"]
[Result "1/2-1/2"]
[WhiteElo "1698"]
[BlackElo "1682"]
[PlyCount "70"]
[EventDate "2020.04.15"]
[EventType "swiss (blitz)"]
[EventRounds "9"]
[EventCountry "GER"]
[SourceTitle "CBM 196 Extra"]
[Source "ChessBase"]
[SourceDate "2020.07.31"]
[SourceVersion "1"]
[SourceVersionDate "2020.07.31"]
[SourceQuality "1"]

1. e4 d6 2. d4 Nf6 3. Nc3 e5 4. dxe5 dxe5 5. Qxd8+ Kxd8 6. Bg5 c6 7. f4 Nbd7 8. Nf3 exf4 9. e5 h6 10. Bh4 g5 11. exf6 gxh4 12. 0-0-0 Kc7 13. Bc4 Nxf6 14. Bxf7 Bg4 15. Rd4 Bxf3 16. gxf3 Bd6 17. Rhd1 Rad8 18. Ne2 Rhf8 19. Bg6 Bc5 20. Rxd8 Rxd8 21. Rxd8 Kxd8 22. c3 Ke7 23. Kc2 Bd6 24. Nd4 Nd5 25. Nf5+ Ke6 26. Nxh6 Kf6 27. Be4 Ne3+ 28. Kd3 Kg7 29. Nf5+ Nxf5 30. Bxf5 Kf6 31. Ke4 Bc7 32. b4 a5 33. a3 axb4 34. axb4 b6 35. Bd7 c5 1/2-1/2

[Event "GER-ch Net Amateur Gr-B Vor2"]
[Site "Playchess.com INT"]
[Date "2020.04.15"]
[Round "9"]
[White "Fock, Amina"]
[Black "Schneider, Birgit"]
[Result "0-1"]
[WhiteElo "1714"]
[BlackElo "1653"]
[PlyCount "38"]
[EventDate "2020.04.15"]
[EventType "swiss (blitz)"]
[EventRounds "9"]
[EventCountry "GER"]
[SourceTitle "CBM 196 Extra"]
[Source "ChessBase"]
[SourceDate "2020.07.31"]
[SourceVersion "1"]
[SourceVersionDate "2020.07.31"]
[SourceQuality "1"]

1. e4 c5 2. Nc3 Nc6 3. f4 g6 4. Nf3 Bg7 5. Bb5 Nd4 6. 0-0 e6 7. Nxd4 cxd4 8. Ne2 Ne7 9. c3 Qb6 10. Bd3 dxc3+ 11. Kh1 cxb2 12. Bxb2 Qxb2 13. e5 0-0 14. Nc3 Qb6 15. Ne4 d5 16. exd6 Nf5 17. Rb1 Qd4 18. Qe2 Nxd6 19. Nc5 Qxc5 0-1

[Event "GER-ch Net Amateur Gr-B Vor2"]
[Site "Playchess.com INT"]
[Date "2020.04.15"]
[Round "4"]
[White "Metzdorf, Matteo"]
[Black "Fock, Amina"]
[Result "1-0"]
[WhiteElo "1830"]
[BlackElo "1724"]
[PlyCount "59"]
[EventDate "2020.04.15"]
[EventType "swiss (blitz)"]
[EventRounds "9"]
[EventCountry "GER"]
[SourceTitle "CBM 196 Extra"]
[Source "ChessBase"]
[SourceDate "2020.07.31"]
[SourceVersion "1"]
[SourceVersionDate "2020.07.31"]
[SourceQuality "1"]

1. e4 c5 2. Nf3 d6 3. Bb5+ Bd7 4. Bxd7+ Qxd7 5. c4 Nc6 6. Nc3 e5 7. 0-0 g6 8. d3 Bg7 9. a3 Nge7 10. Rb1 a5 11. Nd5 Qd8 12. Bg5 h6 13. Bf6 Kf8 14. Qd2 Bxf6 15. Nxf6 Kg7 16. Nd5 Nd4 17. Nxd4 cxd4 18. f4 Nxd5 19. cxd5 Rc8 20. Qf2 f6 21. Qg3 Qe7 22. Rf2 Rc5 23. Rbf1 Rf8 24. Qh4 g5 25. fxg5 hxg5 26. Qg4 a4 27. h4 Rc7 28. hxg5 Kf7 29. Rxf6+ Ke8 30. Rxf8+ 1-0